00868nam a2200229 i 4500001000700000003000900007005001700016007000300033008004100036080004600077100003900123245010600162260003400268300002200302490001200324600008100336700003800417830002000455852002200475999001900497952012200516140567ES-MaACL20250910213843.0t|070214s1966 sp r ||||1| cat d a821.134.2 Blasco Ibáñez, Vicente 1.061 aSebastià Domingo, Enric.910500310aValencia en les novel.les de Blasco Ibáñez / cEnric Sebastià Domingo ; próleg de Joan Regla. aValencia : bL'Estel, c1966. a127 p. ; c21 cm.1 aTaronja14aBlasco Ibáñez, Vicente,d1867-1928-xCrítica e interpretación9293901 aReglá, Juan, d1917-19739958971 aTaronja9220337 aES-MaACLjC-30716 c140567d140567 00104070aATENEOMbATENEOMcDEPO2d2008-01-17eSCl0oC-30716p1146276r2023-02-23 00:00:00w2023-02-23yMONOGRAFIA